Henry Moore; (Record no. 352839)

000 -LEADER
fixed length control field 00761 a2200229 4500
003 - CONTROL NUMBER IDENTIFIER
control field OSt
005 - DATE AND TIME OF LATEST TRANSACTION
control field 20180116192348.0
008 - FIXED-LENGTH DATA ELEMENTS--GENERAL INFORMATION
fixed length control field 120531t xxu||||| |||| 00| 0 eng d
010 ## - LIBRARY OF CONGRESS CONTROL NUMBER
LC control number 66012041
020 ## - INTERNATIONAL STANDARD BOOK NUMBER
International Standard Book Number 9780500200353
040 ## - CATALOGING SOURCE
Transcribing agency 0
082 00 - DEWEY DECIMAL CLASSIFICATION NUMBER
Classification number 730.924
-- B
100 1# - MAIN ENTRY--PERSONAL NAME
Personal name Read, Herbert,
9 (RLIN) 3012
245 00 - TITLE STATEMENT
Title Henry Moore;
Remainder of title a study of his life and work
Statement of responsibility, etc. [by] Herbert Read.
260 ## - PUBLICATION, DISTRIBUTION, ETC.
Place of publication, distribution, etc. New York :
Name of publisher, distributor, etc. Praeger,
Date of publication, distribution, etc. [1966, c1965].
300 ## - PHYSICAL DESCRIPTION
Extent 284 p. :
Other physical details illus. (part col.), ports.
Dimensions 22 cm.
490 0# - SERIES STATEMENT
Series statement A Praeger world of art profile
500 ## - GENERAL NOTE
General note Includes bibliographical references and index.
600 10 - SUBJECT ADDED ENTRY--PERSONAL NAME
Personal name Moore, Henry,
Dates associated with a name 1898-1986.
9 (RLIN) 3013
942 ## - ADDED ENTRY ELEMENTS (KOHA)
Institution code [OBSOLETE] SADA
Koha item type Book
Call number prefix 730.924 REA 1966
Source of classification or shelving scheme
Holdings
Withdrawn status Lost status Source of classification or shelving scheme Damaged status Not for loan Permanent Location Current Location Date acquired Total Checkouts Full call number Barcode Date last seen Date last checked out Cost, replacement price Price effective from Koha item type
          School of Art Design and Architecture (SADA) School of Art Design and Architecture (SADA) 04/14/2011 1 730.924 REA 1966 SADA0000883 04/27/2015 04/24/2015 1246.00 08/05/2011 Book
© 2023 Central Library, National University of Sciences and Technology. All Rights Reserved.